X Seminario : la Fundación Pública / Diputación Provincial, Sección de Estudios de Administración Local, Gerona la Fundación Pública / Diputación Provincial, Sección de Estudios de Administración Local, Gerona
Descripción Física:
63 p. ; 22 cm
Materias:
Fundacions -- Congressos
MARC
| LEADER | 00000nam a2200000Ia 4500 | ||
|---|---|---|---|
| 001 | 14415 | ||
| 003 | BGR | ||
| 005 | 20260324175330.0 | ||
| 008 | 160829s1971 xx 000 0 cat d | ||
| 008 | 160829s9999 xx 000 0 cat d | ||
| 080 | |a M-4-232 | ||
| 245 | |a X Seminario : |b la Fundación Pública / Diputación Provincial, Sección de Estudios de Administración Local, Gerona | ||
| 260 | |a Gerona : |b la Diputación, |c 1971 | ||
| 300 | |a 63 p. ; |c 22 cm | ||
| 362 | |a No. 7 (1971) | ||
| 590 | |a Notes, referències bibliogràfiques | ||
| 650 | |a Fundacions |x Congressos |9 27486 | ||
| 710 | 1 | |a Girona (Catalunya : Província). |b Diputació |b Secció d'Estudis d'Administració Local |9 11479 | |
| 901 | |a Arxiu | ||
| 942 | |n 1 |2 udc |c MON | ||
| 952 | |0 0 |1 0 |4 0 |6 M4232 |7 1 |9 44408 |a Arxiu |b Arxiu |d 2016-12-01 |l 0 |o M-4-232 |p 14415 |r 2016-12-01 00:00:00 |w 2016-12-01 |y ARXIU | ||
| 999 | |c 46989 |d 46989 | ||